Interrupción, suspensión y purga de la caducidad de la instancia /

Uloženo v:
Podrobná bibliografie
Hlavní autor: Rillo Canale, Oscar I. (autor)
Médium: Kniha
Jazyk:španělština
Edice:(Enciclopedia Jurídica Omeba)
Témata:
Tagy: Přidat tag
Žádné tagy, Buďte první, kdo vytvoří štítek k tomuto záznamu!

MARC

LEADER 00000nam^a2200000^a^4500
001 000124773
005 20250521000000.0
009 20260310094625.472
037 |a Acervo ITESO - Biblioteca 
041 |a ESP 
082 |a 347. 8205  |b RIL 
100 |a Rillo Canale, Oscar I.  |e (autor) 
245 1 0 |a Interrupción, suspensión y purga de la caducidad de la instancia /  |c O.I. Rillo Canale. 
264 |a Buenos Aires, Argentina :  |b Omeba,  |c fecha no identificada 
300 |a 258 p. 
336 |a texto  |b txt  |2 rdacontenido 
337 |a sin mediación  |b n  |2 rdamedio 
338 |a volumen  |b nc  |2 rdasoporte 
440 1 |a (Enciclopedia Jurídica Omeba) 
649 |a XX 
650 |a Caducidad de la Instancia 
650 |a Sentencias 
650 |a Derecho Procesal Civil 
650 |a Derecho Procesal Civil -  |z Argentina 
650 |a Derecho Público -  |z Argentina 
910 |a Fondo General 
920 |a Impresos - Libros 
930 |a Colección General 
905 |a 101 
901 |a 0500058047  |b IT1  |c ACC  |u 20250521 
902 |a https://opac.biblio.iteso.mx/vufind/Record/000124773